LEADER 01105nam a2200265 i 4500 001 991001857009707536 005 20020507152807.0 008 001122s1994 sp ||| | spa 020 $a8425909724 035 $ab11574136-39ule_inst 035 $aLE02726356$9ExL 040 $aDip.to Studi Giuridici$bita 084 $aC-XIV/A 100 1 $aGavara de Cara, Juan Carlos$0528695 245 10$aDerechos fundamentales y desarollo legislativo :$bla garantia del contenido esencial de los derechos fundamentales en la Ley fundamental de Bonn /$cJuan Carlos Gavara de Cara ; prologo Francesc de Carreras 260 $aMadrid :$bCentro de estudios constitucionales,$c1994 300 $a367 p. ;$c21 cm. 490 0 $aEstudios constitucionales 500 $aSegue appendice 907 $a.b11574136$b01-03-17$c02-07-02 912 $a991001857009707536 945 $aLE027 C-XIV/A 20$g1$iLE027-3523$lle027$o-$pE0.00$q-$rl$s- $t0$u0$v0$w0$x0$y.i11779548$z02-07-02 996 $aDerechos fundamentales y desarollo legislativo$9895871 997 $aUNISALENTO 998 $ale027$b01-01-00$cm$da $e-$fspa$gsp $h0$i1 LEADER 03235oam 2200697I 450 001 9910791461603321 005 20230126205406.0 010 $a1-136-91766-7 010 $a1-136-91767-5 010 $a1-283-03764-5 010 $a9786613037640 010 $a0-203-84408-4 024 7 $a10.4324/9780203844083 035 $a(CKB)2560000000050411 035 $a(EBL)958714 035 $a(OCoLC)798530596 035 $a(SSID)ssj0000468186 035 $a(PQKBManifestationID)11287781 035 $a(PQKBTitleCode)TC0000468186 035 $a(PQKBWorkID)10498049 035 $a(PQKB)11039533 035 $a(MiAaPQ)EBC958714 035 $a(OCoLC)828746021 035 $a(EXLCZ)992560000000050411 100 $a20180706h20111987 uy 0 101 0 $aeng 135 $aur|n|---||||| 181 $ctxt 182 $cc 183 $acr 200 12$aA cultural history of postwar Japan 1945-1980 /$fShunsuke Tsurumi 210 1$aLondon ;$aNew York :$cRoutledge :$cTaylor & Francis Group,$d2011, c1987. 215 $a1 online resource (151 p.) 225 0 $aRoutledge library editions. Japan ;$vVolume 50 300 $aFirst published in 1987. 311 $a0-415-84688-9 311 $a0-415-58781-6 320 $aIncludes bibliographical references (pages 134-164) and index. 327 $aBook Cover; Title01; Copyright01; Title02; Copyright02; Contents; Acknowledgements; List of Illustrations; Preface; 1 Occupation: The American Way of Life as an Imposed Model; 2 Occupation: On the Sense of Justice; 3 Comics in Postwar Japan; 4 Vaudeville Acts; 5 Legends of Common Culture; 6 Trends in Popular Songs Since the 1960s; 7 Ordinary Citizens and Citizens' Movements; 8 Comments on Patterns of Life; 9 A Comment on Guidebooks on Japan; References; Index 330 $aShunsuke Tsurumi, one of Japan's most distinguished contemporary philosophers, continues his study of the intellectual and social history of modern Japan with this penetrating analysis of popular culture in the post-war years. Japanese manga (comics), manzai (dialogues), television, advertising and popular songs are the medium for a revealing examination of the many contradictory forces at work beneath the surface of an apparently uniform and universal culture. The author argues that the iconography of these popular forms has deep and significant implication for the development of Japanese 606 $aJapan -- Social life and customs -- 1945- 606 $aPopular culture -- Japan 606 $aRegions & Countries - Asia & the Middle East$2HILCC 606 $aHistory & Archaeology$2HILCC 606 $aEast Asia$2HILCC 607 $aJapan$xSocial life and customs$y1945- 615 4$aJapan -- Social life and customs -- 1945-. 615 4$aPopular culture -- Japan. 615 7$aRegions & Countries - Asia & the Middle East 615 7$aHistory & Archaeology 615 7$aEast Asia 676 $a306.09520904 676 $a952.04 700 $aTsurumi$b Shunsuke$f1922-,$01025636 801 0$bAU-PeEL 801 1$bAU-PeEL 801 2$bAU-PeEL 906 $aBOOK 912 $a9910791461603321 996 $aA cultural history of postwar Japan 1945-1980$93703493 997 $aUNINA